000 00760nab a22002297a 4500
001 11059
003 HDC
007 cr bn ---aaaaa
008 210128c99999999my ||||o |||| 00| 00eng d
040 _aHDC
245 0 _aMinnesota Muslims Demand Pork-Free Halal Food From Welfare Food Bank
336 _atext
_2rdacontent
337 _acomputer
_2rdamedia
338 _aonline resource
_2rdacarrier
650 _aFood
_xReligious aspect
_xIslam
_97432
650 _aIslamic ethics
_9277
710 _aNorth Africa Business
856 _zRequest full-text at [email protected]
942 _2lcc
942 _cNEWS
942 _kNWSO 001487
999 _c8382
_d8382